000 00543cam a22001934a 4500
005 20250605164252.0
008 250528s ||||||||||||||||||||||||d
035 _a21787
020 _a9786185063047
040 _aGR-AtMCL
_bgre
_dGR-AtMCL
_eAACR2
245 1 _aΔΙΔΑΣΚΑΛΙΑ ΤΗΣ ΛΟΓΟΤΕΧΝΙΑΣ ΚΑΙ ΔΗΜΙΟΥΡΓΙΚΗ ΓΡΑΦΗ
250 _a1
260 _bΖυγός,
_c2013
300 _a335
700 1 _aΚαρακιτσιος Ανδρεας
_97705
942 _cBK
999 _c6846
_d6846